Podnikové financie zbierka príkladov

Salvato in:
Dettagli Bibliografici
Autore principale: Fetisovová, Elena
Ente Autore: Ekonomická univerzita v Bratislave
Altri autori: Jánošová, Veronika, 1953-, Markovič, Peter, 1974-, Miková, Oľga, Vlachynský, Karol
Natura: Libro
Lingua:slovacco
Pubblicazione: Bratislava Iura Edition 2005
Serie:Ekonómia
Soggetti:
Tags: Aggiungi Tag
Nessun Tag, puoi essere il primo ad aggiungerne!!

MARC

LEADER 00000nam$a2200000$$$4500
001 0034174
005 20240502071444.1
020 |a 80-8078-030-7 
041 0 |a slo 
044 |a SK 
245 1 0 |a Podnikové financie  |b zbierka príkladov  |c Elena Fetisovová a kolektív 
264 1 |a Bratislava  |b Iura Edition  |c 2005 
300 |a 179 s. 
490 1 |a Ekonómia 
830 0 |a Ekonómia 
610 2 0 |a financie podnikové 
610 2 0 |a rozhodovanie finančné 
610 2 0 |a štruktúra kapitálová 
610 2 0 |a rozhodovanie investičné 
610 2 0 |a štruktúra podniku finančná 
610 2 0 |a zisk kapitálový 
610 2 0 |a majetok dlhodobý 
610 2 0 |a rozhodovanie investičné 
610 2 0 |a investície finančné 
610 2 0 |a majetok obežný 
610 2 0 |a hodnota podniku 
610 2 0 |a analýza finančná 
610 2 0 |a plánovanie finančné 
610 2 0 |a fúzie 
100 1 |a Fetisovová, Elena 
700 1 |a Jánošová, Veronika, 1953- 
700 1 |a Markovič, Peter, 1974- 
700 1 |a Miková, Oľga 
700 1 |a Vlachynský, Karol 
710 2 |a Ekonomická univerzita v Bratislave